000 00601nam a2200205 a 4500
005 20240925064714.0
008 010924s2000 mx r 000 0 spa d
020 _a9684114788
035 _aUPN01000111963
049 _aCG
050 4 _aHM271
_bS2.28
100 1 _aScott, James C.
245 1 4 _aLos dominados y el arte de la resistencia :
_bdiscursos ocultos /
_cJames C. Scott ; tr. Jorge Aguilar Mora.
260 _aMéxico :
_bEra,
_c2000.
300 _a314 p.
440 0 _aProblemas de México
650 4 _aRESISTENCIA CIVIL
650 4 _aPoder (Ciencias sociales)
_91203
905 _aLibro
999 _c85871
_d85871